Leonardo da Vinci : (Record no. 111010)
[ view plain ]
| 000 -LEADER | |
|---|---|
| fixed length control field | 00539nam a2200145 a 4500 |
| 005 - DATE AND TIME OF LATEST TRANSACTION | |
| control field | 20140414131907.0 |
| 008 - FIXED-LENGTH DATA ELEMENTS--GENERAL INFORMATION | |
| fixed length control field | 100930s19uu xx 00 eng d |
| 050 ## - LIBRARY OF CONGRESS CALL NUMBER | |
| Classification number | M 709.2 |
| Item number | Os1 2009 |
| 100 ## - MAIN ENTRY--PERSONAL NAME | |
| Personal name | Osborne, Mary Pope |
| 245 ## - TITLE STATEMENT | |
| Title | Leonardo da Vinci : |
| Remainder of title | a nonfiction companion to Monday with a mad genius / |
| Statement of responsibility, etc | by Mary POpe Osborne and Natalie Pope Boyce ; illustrated by Sal Murdocca. |
| 250 ## - EDITION STATEMENT | |
| Edition statement | 1st ed. |
| 260 ## - PUBLICATION, DISTRIBUTION, ETC. (IMPRINT) | |
| Place of publication, distribution, etc | New York : |
| Name of publisher, distributor, etc | Random House, |
| Date of publication, distribution, etc | 2009. |
| 650 ## - SUBJECT ADDED ENTRY--TOPICAL TERM | |
| Topical term or geographic name as entry element | Leonardo, da Vinci, 1452-1519 --Juvenile literature. |
| Withdrawn status | Lost status | Damaged status | Home library | Current library | Shelving location | Date acquired | Total Checkouts | Full call number | Barcode | Date last seen | Price effective from | Koha item type |
|---|---|---|---|---|---|---|---|---|---|---|---|---|
| Munich Library | Munich Library | Main Section | 09/30/2010 | M 709.2 Os1 2009 | M1559 | 04/14/2014 | 04/14/2014 | Books |